00484cam a22001457a 4500008004000000020001800040082001700058245012600075260002700201300001000228650003700238650001800275700002200293700002300315180718b2010 xxu||||| |||| 00| 0 eng d a9788184840629 aT39x54 T328g aGlobalisation- inclusive growth and Indian economy: issues and policiescedited by Anil Kumar Thakur and Paramanand Singh aNew DelhibRegalc2010 a535p. aInternational economic relations aGlobalisation aSingh, Paramanand aThakur, Anil Kumar